| 000 | 00573nam a2200229Ia 4500 | ||
|---|---|---|---|
| 003 | OSt | ||
| 005 | 20220924133711.0 | ||
| 006 | a|||||r|||| 00| 0 | ||
| 007 | ta | ||
| 008 | 220923b |||||||| |||| 00| 0 mal d | ||
| 024 | _a268133 | ||
| 037 | _cTextual | ||
| 040 |
_aARTS _cARTS _bmal |
||
| 041 |
_2mal _amal |
||
| 082 | _aO32,3N35,2, K9.1 | ||
| 100 |
_aKakkanadan _9207127 |
||
| 245 | 0 | _aUshnamekhale | |
| 260 | _c1969 | ||
| 650 |
_aMALAYALAM LITERATURE _938866 |
||
| 942 |
_hO32,3N35,2, K9.1 _cTEXL _2CC |
||
| 999 |
_c434814 _d434814 |
||